| 000 | 03882cam a2200973 a 4500 | ||
|---|---|---|---|
| 020 | _a9780073529400 (combined vol. : hc : alk. paper) | ||
| 082 | 0 | 0 |
_a620.105 _bBEE _cN-02P-74 |
| 100 |
_aBeer,Ferdinand _937594 |
||
| 245 | 0 | 0 |
_aVector mechanics for engineers static. _cFerdinand Beer ... [et al.]. _b(in SI Units) |
| 250 | _a9th ed. | ||
| 260 |
_aNew Delhi : _bMcGraw-Hill Companies, _c2012. |
||
| 300 |
_axxvi, 625 p. : _bcol. ill. ; _c27 cm. |
||
| 500 | _aIncludes index. Vector mechanics for engineers static used as Text Book | ||
| 526 |
_a0 _b0 _c0 _d620_105000000000000_BEE |
||
| 526 |
_a0 _b0 _c0 _d620_105000000000000_BEE |
||
| 526 |
_a0 _b0 _c0 _d620_105000000000000_BEE |
||
| 526 |
_a0 _b0 _c0 _d620_105000000000000_BEE |
||
| 526 |
_a0 _b0 _c0 _d620_105000000000000_BEE |
||
| 526 |
_a0 _b0 _c0 _d620_105000000000000_BEE |
||
| 526 |
_a0 _b0 _c0 _d620_105000000000000_BEE |
||
| 526 |
_a0 _b0 _c0 _d620_105000000000000_BEE |
||
| 526 |
_a0 _b0 _c0 _d620_105000000000000_BEE |
||
| 526 |
_a0 _b0 _c0 _d620_105000000000000_BEE |
||
| 526 |
_a0 _b0 _c0 _d620_105000000000000_BEE |
||
| 526 |
_a0 _b0 _c0 _d620_105000000000000_BEE |
||
| 526 |
_a0 _b0 _c0 _d620_105000000000000_BEE |
||
| 526 |
_a0 _b0 _c0 _d620_105000000000000_BEE |
||
| 526 |
_a0 _b0 _c0 _d620_105000000000000_BEE |
||
| 526 |
_a0 _b0 _c0 _d620_105000000000000_BEE |
||
| 526 |
_a0 _b0 _c0 _d620_105000000000000_BEE |
||
| 526 |
_a0 _b0 _c0 _d620_105000000000000_BEE |
||
| 526 |
_a0 _b0 _c0 _d620_105000000000000_BEE |
||
| 526 |
_a0 _b0 _c0 _d620_105000000000000_BEE |
||
| 526 |
_a0 _b0 _c0 _d620_105000000000000_BEE |
||
| 526 |
_a0 _b0 _c0 _d620_105000000000000_BEE |
||
| 526 |
_a0 _b0 _c0 _d620_105000000000000_BEE |
||
| 526 |
_a0 _b0 _c0 _d620_105000000000000_BEE |
||
| 526 |
_a0 _b0 _c0 _d620_105000000000000_BEE |
||
| 526 |
_a0 _b0 _c0 _d620_105000000000000_BEE |
||
| 526 |
_a0 _b0 _c0 _d620_105000000000000_BEE |
||
| 526 |
_a0 _b0 _c0 _d620_105000000000000_BEE |
||
| 526 |
_a0 _b0 _c0 _d620_105000000000000_BEE |
||
| 526 |
_a0 _b0 _c0 _d620_105000000000000_BEE |
||
| 526 |
_a0 _b0 _c0 _d620_105000000000000_BEE |
||
| 526 |
_a0 _b0 _c0 _d620_105000000000000_BEE |
||
| 526 |
_a0 _b0 _c0 _d620_105000000000000_BEE |
||
| 526 |
_a0 _b0 _c0 _d620_105000000000000_BEE |
||
| 526 |
_a0 _b0 _c0 _d620_105000000000000_BEE |
||
| 526 |
_a0 _b0 _c0 _d620_105000000000000_BEE |
||
| 526 |
_a0 _b0 _c0 _d620_105000000000000_BEE |
||
| 526 |
_a0 _b0 _c0 _d620_105000000000000_BEE |
||
| 526 |
_a0 _b0 _c0 _d620_105000000000000_BEE |
||
| 526 |
_a0 _b0 _c0 _d620_105000000000000_BEE |
||
| 526 |
_a0 _b0 _c0 _d620_105000000000000_BEE |
||
| 526 |
_a0 _b0 _c0 _d620_105000000000000_BEE |
||
| 526 |
_a0 _b0 _c0 _d620_105000000000000_BEE |
||
| 526 |
_a0 _b0 _c0 _d620_105000000000000_BEE |
||
| 526 |
_a0 _b0 _c0 _d620_105000000000000_BEE |
||
| 526 |
_a0 _b0 _c0 _d620_105000000000000_BEE |
||
| 526 |
_a0 _b0 _c0 _d620_105000000000000_BEE |
||
| 526 |
_a0 _b0 _c0 _d620_105000000000000_BEE |
||
| 526 |
_a0 _b0 _c0 _d620_105000000000000_BEE |
||
| 526 |
_a0 _b0 _c0 _d620_105000000000000_BEE |
||
| 526 |
_a0 _b0 _c0 _d620_105000000000000_BEE |
||
| 526 |
_a0 _b0 _c0 _d620_105000000000000_BEE |
||
| 526 |
_a0 _b0 _c0 _d620_105000000000000_BEE |
||
| 526 |
_a0 _b0 _c0 _d620_105000000000000_BEE |
||
| 526 |
_a0 _b0 _c0 _d620_105000000000000_BEE |
||
| 526 |
_a0 _b0 _c0 _d620_105000000000000_BEE |
||
| 526 |
_a0 _b0 _c0 _d620_105000000000000_BEE |
||
| 526 |
_a0 _b0 _c0 _d620_105000000000000_BEE |
||
| 526 |
_a0 _b0 _c0 _d620_105000000000000_BEE |
||
| 526 |
_a0 _b0 _c0 _d620_105000000000000_BEE |
||
| 526 |
_a0 _b0 _c0 _d620_105000000000000_BEE |
||
| 526 |
_a0 _b0 _c0 _d620_105000000000000_BEE |
||
| 526 |
_a0 _b1 _c0 _d620_105000000000000_BEE |
||
| 650 | 0 |
_aDynamics. _97202 |
|
| 650 | 0 |
_aMechanics, Applied. _913090 |
|
| 650 | 0 |
_aStatics. _91020 |
|
| 650 | 0 |
_aVector analysis. _91184 |
|
| 700 | 1 |
_aBeer, Ferdinand Pierre, _937595 |
|
| 856 | _uhttp://172.25.8.12:8080/browse/book/608 | ||
| 942 |
_2ddc _cBKB |
||
| 999 |
_c543179 _d543179 |
||